000 02049cam a22005534i 4500
003 PE-LiUPU
005 20250731173029.0
008 150623s r 000 0 d
020 _a0664255671
035 _a(Sirsi) i9780664255671
040 _aPE-LiUPU
_bspa
_cPE-LiUPU
_erda
049 _aPRUA
082 0 4 _a221.830 685
_bF31
_221
245 0 0 _aFamilies in ancient Israel /
_cLeo G. Perdue .. [et al.].
264 1 _aLouisville, Kentucky :
_bWestminster John Knox Press,
_c1997.
300 _a285 p. :
_b23 cm.
336 _atext
_2rdacontent
337 _aunmediated
_2rdamedia
338 _avolume
_2rdacarrier
490 0 _aThe Family, Religion, and Culture
504 _aIncluye bibliografía.
505 0 _aThe family in early Israel. -The family in first temple Israel. -Marriage, divorce, and family in second temple judaism. -The israelite and early jewish family. -The household, Old testament theology, and contemporary hermeneutics.
526 _aSEG42
526 _aSEG41
526 _aSEG40
526 _aSEG39
526 _aP94
526 _aP87
526 _aP86
526 _aP85
526 _aP77
526 _aP76
526 _aP35
630 _aBiblia.
_pA.T.
_xCrítica social crítica científica.
650 0 4 _aFamilias
_xEnseñanza bíblica.
_95104
650 0 4 _aFamilias
_zPalestina
_xHistoria.
650 0 4 _aPalestina
_xVida social y costumbres
_yHasta 70 d. C.
650 0 4 _aSociología de la Biblia.
700 1 _aBlenkinsopp, Joseph,
_eautor.
700 1 _aCollins, John J.,
_eautor.
700 1 _aMeyers, Carol.
700 1 _aPerdue, Leo G.,
_eautor.
942 _2ddc
_cBOOK
949 _a221.830 685 F31
_wDEWEY
_c1
_i48072
_lCCODEBUL1
_mBUL
_r0
_sY
_tBOOK
_u2015-6-24
_xTEOLOGIA
_PP35
_0COMPRA
_o.STAFF. Colección General
994 _aC0
_bPEPRU
596 _a1
999 _a221.830 685 F31
_wDEWEY
_c24902
_i48072
_f2021-11-9
_g5
_lCCODEBUL1
_mBUL
_r0
_sY
_tBOOK
_u2015-6-24
_xTEOLOGIA
_PP35
_0COMPRA
_o.STAFF. Colección General
_d24902
980 _81
_gALBERTO SANCHEZ Responsable de Automatización